000
00322nam a22001457a 4500
008
210521b ||||| |||| 00| 0 eng d
020
_a
9780321750907
041
_a
eng
080
_2
2nd
_a
541
082
_a
541
100
_a
12
101
_a
KIM
245
_a
Principles of Chemistry
_c
Nivaldo J. Tro
942
_2
udc
_c
BK
999
_c
57569
_d
57569